000 00803nas a2200265 4500
001 BR8501631
003 BR-BrBNA
005 20231205090142.0
007 ta
008 230509b bl.|||p| |||| 00| 00por d
040 _aBR-BrBNA
_bpor
_cBiblioteca Nacional de Agricultura
041 _a(Pt)
072 _aL53
100 1 _aPinheiro, L.E.L.
100 1 _aFerrari, I.
100 1 _aLobo, R.B.
100 1 _aAlmeida Junior, I.L.
245 1 _aOcorrencia de aberracoes cromossomicas em reprodutores e matrizes da subespecie Taurina
650 _aBOVINO
650 _aCROMOSSOMA
650 _aREPRODUTOR
773 0 _tRevista Brasileira de Reproducao Animal (Brazil)
_xISSN 0102-0803
_g(1984), v. 8(4) p. 230-234
_wBR8501631
909 _a202311
_bLúcia
_c55
_dLúcia Elande
942 _2AGRIS
_n0
_cANA
999 _c116441
_d116441